000 00408nam a2200181Ia 4500
005 20240823062116.0
008 240823s9999||||xx |||||||||||||| ||und||
041 _aENGLISH
082 _A510 M3
100 _aMurray.R.Spiegel
245 0 _aAdvanced Mathematics
250 _a1st
260 _c1993
_b"MGH,New Delhi"
500 _aYES
650 _aMATHS
_bMathematics
942 _cBK
999 _c235110
_d235110